Statistics for 1987 Minnesota Twins Roster

Click here to take the quiz!

General Stats

  • This quiz has been taken 1,623 times
  • The average score is 9 of 27

Answer Stats

PositionPlayer% Correct
CFKirby Puckett
95%
1BKent Hrbek
79%
SPFrank Viola
61%
ManagerTom Kelly
60%
3BGary Gaetti
58%
LFDan Gladden
54%
SPBert Blyleven
51%
SSGreg Gagne
50%
RFTom Brunansky
38%
CLJeff Reardon
36%
CTim Laudner
36%
2BSteve Lombardozzi
31%
IFAl Newman
27%
DHDon Baylor
25%
RPJuan Berenguer
25%
UTGene Larkin
24%
RFRandy Bush
24%
DHRoy Smalley
24%
SPJoe Niekro
18%
SPLes Straker
17%
CSal Butera
14%
CTom Nieto
11%
RPKeith Atherton
10%
UTMark Davidson
10%
SPMike Smithson
10%
RPDan Schatzeder
9%
RPGeorge Frazier
8%

Score Distribution

Percentile by Number Answered

Percent of People with Each Score

Your Score History

You have not taken this quiz